00729cam a22002291 45000010005000000030008000050050017000130080041000300350018000710350019000890400031001080410008001390820021001471000024001682450046001922500014002382600038002523000034002905000114003245040020004386500041004589266BD-RjUL20211208234740.0140120r19591958nyua 001 0 eng d a(BD-RjUL)9311 a(OCoLC)1678189 aDLCcFMdDLCdBD-RjULbeng aeng00a540.76bFRC 19591 aFrey, Paul Reheard.00aChemistry problems and how to solve them. a[5th ed.] aNew York,bBarnes & Novlec[1958] axxi, 228 p. :billus.c21 cm. aFirst published n 1938 under title: An outline of Mathematics and problems for students of general chemistry. aIncludes index. 0aChemistryxProblems, exercises, etc.